000 04696nam a22003134a 4500
001 36573
003 BD-RjUL
005 20211209052514.0
008 140705s2006 enkab b 001 0 eng d
020 _a9781400079773 (pbk.)
035 _a(BD-RjUL)36674
040 _aDLC
_cBD-RjUL
_dBD-RjUL
_beng
041 _aeng
082 0 0 _a954.053
_222
_bLUI 2006
100 1 _aLuce, Edward,
_9111400
245 1 0 _aIn spite of the gods :
_bthe rise of modern India /
_cEdward Luce.
250 _a1st Anchor Books ed.
260 _aNew York :
_bAnchor Books,
_c2006.
300 _ax, 388 p. :
_bill., map ;
_c21 cm.
504 _aIncludes bibliography and index
505 0 _aGlobal and medieval : India's schizophrenic economy -- The Burra Sahibs : the long tentacles of India's state -- Battles of the righteous : the rise of India's lower castes -- The imaginary horse : the continuing threat of Hindu nationalism -- Long live the sycophants! : The Congress Party's continuing love affairs with the Nehru-Gandhi dynasty -- Many crescents : South Asia's divided Muslims -- A triangular dance : why India's relations with the United States and China will shape the world in the twenty first century -- New India, old India : the many-layered character of Indian modernity -- Conclusion : hers to lose : India's huge opportunities and challenges in the 21st century.
520 _a"India remains a mystery to many Americans, even as it is poised to become the worldʼs third largest economy within a generation, outstripping Japan. It will surpass China in population by 2032 and will have more English speakers than the United States by 2050. In In Spite of the Gods, Edward Luce, a journalist who covered India for many years, makes brilliant sense of India and its rise to global power. Already a number-one bestseller in India, his book is sure to be acknowledged for years as the definitive introduction to modern India. In Spite of the Gods illuminates a land of many contradictions. The booming tech sector we read so much about in the West, Luce points out, employs no more than one million of Indiaʼs 1.1 billion people. Only 35 million people, in fact, have formal enough jobs to pay taxes, while three-quarters of the country lives in extreme deprivation in Indiaʼs 600,000 villages. Yet amid all these extremes exists the worldʼs largest experiment in representative democracy-and a largely successful one, despite bureaucracies riddled with horrifying corruption."--From source other than the Library of Congress
520 _aLuce shows that India is an economic rival to the U.S. in an entirely different sense than China is. There is nothing in India like the manufacturing capacity of China, despite the huge potential labor force. An inept system of public education leaves most Indians illiterate and unskilled. Yet at the other extreme, the middle class produces ten times as many engineering students a year as the United States. Notwithstanding its future as a major competitor in a globalized economy, American. leaders have been encouraging Indiaʼs rise, even welcoming it into the nuclear energy club, hoping to balance Chinaʼs influence in Asia. Above all, In Spite of the Gods is an enlightening study of the forces shaping India as it tries to balance the stubborn traditions of the past with an unevenly modernizing present. Deeply informed by scholarship and history, leavened by humor and rich in anecdote, it shows that India has huge opportunities as well as tremendous challenges that make the future ʺhers to lose.ʺ
520 _aIncludes information on Afghanistan, agriculture, Bhimrao Ambedkar, Ayodhya, Bangalore, Bangladesh, Bharatiya Janata Party (BJP), Brahmins, Buddhism, bureaucracy, George Bush, caste system, cattle, China, Christians, British colonialism, Congress Party, corruption, Dalits, democracy, economy, education, elections, electricity, equality, Indira Gandhi, Mohandas Gandhi, Rajiv Gandhi, Sonia Gandhi, Great Britain, Gujarat, health care, Hindu nationalism, Hindus, Hinduism, industrialization, information technology, Japan, jobs, Kashmir, Kerala, literacy, lower castes, marriage, military, modernity, Narendra Modi, Mumbai (Bombay), Muslims, Jawaharlal Nehru, New Delhi, nuclear weapons, Pakistan, police, politics, poverty, Punjab, riots, roads, science, secularism, separatist insurgencies, Sikhs, Manmohan Singh, Soviet Union, taxes, television, terrorists, United States, upper castes, urbanization, Uttar Pradesh, Atal Behari Vajpayee, villages, water, etc.
651 0 _aIndia
_xEconomic conditions
_y21st century.
_9111401
651 0 _aIndia
_xCivilization.
_9111402
942 _2ddc
_cBK
999 _c36573
_d36573